00301nam a2200121Ia 4500008004100000082001700041100002200058245003800080250000800118260002400126300001000150650001900160150201s2008 xx 000 0 und d a617.96bS08P aPAUL , ARUN KUMAR aSTEP BY STEP REGIONAL ANAESTHESIA a1ST bJAYPEEaDELHIc2008 a1-212 aANESTHESIOLOGY